Normal view
MARC view
- Madiha Guftar
Entry Personal Name
001 - CONTROL NUMBER
- control field: 70524
003 - CONTROL NUMBER IDENTIFIER
- control field: NUST
005 - DATE AND TIME OF LATEST TRANSACTION
- control field: 20210628204507.0
008 - FIXED-LENGTH DATA ELEMENTS
- fixed length control field: 210628|| aca||aabn | a|a d
040 ## - CATALOGING SOURCE
- Original cataloging agency: NUST
- Transcribing agency: NUST
100 ## - HEADING--PERSONAL NAME
- Personal name: Madiha Guftar
670 ## - SOURCE DATA FOUND
- Source citation: Work cat.: (NUST): Madiha Guftar, TH-SOF-1095-A Rule Based Expert System for Diagnosis of Syncope Disease, 2015
